000 00461nam a2200181Ia 4500
008 240925s9999 xx 000 0 und d
020 _a059202878X
082 _a621.3815 WAL
100 _aWalter , D.J.
245 0 _aIntegrated Circuit Systems
250 _aNA
260 _aLondon:
_bButterworth & Co
_c,1971.
300 _axvi,926p.
_bNA
_fOriginal
500 _aIncludes Index
600 _aElectronic Engineering
650 _aTechnology
942 _cBK
999 _c3729
_d3729